00671nam a2200229 a 4500001001300000003000900013005001700022008004100039020001000080082001300090100002000103245005000123260003700173300000900210500003500219650001900254700002000273902000800293942000700301952011600308999001700424nice12345678IN_TiNIC20260116015337.0100205s1966 bela grp 000 0 eng  ac10000a270bGUI aGuillou, M J Le aChrist and Churchb A Theology of the Mystery aBelgium bDesclee Company c1966 a375p aincludes index and biblioraphy aChurch History1 aGuillou, M J Le bSRS cBK 001040708StackRoom-aHMIbHMId2010-02-05g100.00l0o270 GUIp11001735r2010-02-05v100.00w2010-02-05yBK c19314d19314